• 首页
  • 本馆介绍
  • 公告通知
  • 最新文献
  • 馆藏检索
  • 电子资源
  • 读者导购
  • 参考咨询
  • 我的图书馆
  • 登录
  • 详细信息显示
  • 放入我的书架
  • 预约/预借图书
  • 作者相关作品
  • 分类相关作品
  • 丛书相关作品
  • 出版社相关作品

书目信息

  • 表格格式
  • 工作单格式
  • 卡片格式
题名:
产品造型设计经典
    
 
作者: 柳涛 , 卢素然 编著
分册:  
出版信息: 北京   中国铁道出版社  2006
页数: 427页
开本: 26cm
丛书名: 设计师之路系列
单 册:
中图分类: TB472
科图分类:
主题词: 工业产品--造型设计 , 造型设计 , 工业产品
电子资源:
ISBN: 7-113-07198-8(含光盘)
000 01054nam0 2200325 450
000 01060nam0 2200325 450
000 00992nam0 2200301 450
000 00956nam0 2200289 45
005 20070515144718.14
010    @a7-113-07198-8(含光盘)@dCNY68.00
100    @a20070407d2006 em y0chiy0120 ea
101 0  @achi
102    @aCN@b110000
105    @aa z 000yy
200 1  @a产品造型设计经典@AChan Pin Zao Xing She Ji Jing Dian@dFrom sketch to rendering@f柳涛,卢素然编著@FLiu Tao, Lu Su Ran Bian Zhu@zeng
210    @a北京@c中国铁道出版社@d2006
215    @a427页@c图@d26cm@e光盘1片
225 2  @a设计师之路系列
307    @a附光盘:ISBN 7-900144-64-1
330    @a本书主要讲解产品设计从概念到效果实现全过程著作。
410  0 @12001 @a设计师之路系列
510 1  @aFrom sketch to rendering@zeng
606 0  @a工业产品@x造型设计
606 0  @a造型设计
606 0  @a工业产品
690    @aTB472@v4
701  0 @a柳涛@ALiu Tao@4编著
701  0 @a卢素然@ALu Su Ran@4编著
801  0 @aCN@bTAOJIN@c20070515
905    @a10447@dTB472@e146
    
    产品造型设计经典=From sketch to rendering/柳涛,卢素然编著.-北京:中国铁道出版社,2006
    427页:图;26cm+光盘1片.-(设计师之路系列)
    
    
    ISBN 7-113-07198-8(含光盘):CNY68.00
    本书主要讲解产品设计从概念到效果实现全过程著作。
●
相关链接 在E读中查询图书 在五车中查询图书 在当当中查询图书 在豆瓣中查询图书


正题名:产品造型设计经典     索取号:TB472/146         预约/预借

序号 登录号 条形码 馆藏地/架位号 状态 备注
1 0520368   205203689   第二样本阅览室/ [索取号:TB472/146] 在馆    
2 0520369   205203698   第三借阅区/ [索取号:TB472/146] 在馆    
3 0520370   205203705   第三借阅区/ [索取号:TB472/146] 在馆    
4 0520371   205203714   第三借阅区/ [索取号:TB472/146] 在馆    
5 0520372   205203723   第三借阅区/ [索取号:TB472/146] 在馆    
6 0520373   205203732   密集书库/ [索取号:TB472/146] 在馆    
7 0520374   205203741   密集书库/ [索取号:TB472/146] 在馆    
8 0520375   205203750   密集书库/ [索取号:TB472/146] 在馆    
唐山师范学院图书馆 欢迎您!
大连网信软件有限公司© 版权所有